|
|
|
|
| LEADER |
01241nam a2200265 a 4500 |
| 001 |
GR-Antirio635 |
| 008 |
090305s2003 ne b 001 0 gre d |
| 020 |
|
|
|a 1558608028
|
| 040 |
|
|
|a GrPaTEI
|b gre
|c GR-PaULI
|
| 040 |
|
|
|a GrPaTEI
|b gre
|c GR-PaULI
|
| 040 |
|
|
|a GrPaTEI
|b gre
|c GR-PaULI
|
| 082 |
|
0 |
|a 005.276
|2 22
|
| 100 |
0 |
|
|a Flynt, Clif
|
| 245 |
1 |
0 |
|a TCL / TK :
|b a developer's guide /
|c Flynt, Clif.
|
| 250 |
|
|
|a 2nd ed.
|
| 260 |
|
|
|a Amsterdam , Boston :
|b Morgan Kaufmann Publishers,
|c c 2003
|
| 300 |
|
|
|a xxxi. , 759 σ. :
|b εικ. ;
|c 24 εκ. +
|e 1 cd - rom
|
| 504 |
|
|
|a Περιλαμβάνει βιβλιογραφίες και ευρετήριο.
|
| 650 |
|
0 |
|a Tcl (COMPUTER PROGRAM LANGUAGE )
|
| 650 |
|
0 |
|a Tk TOOLKIT
|
| 942 |
|
|
|2 ddc
|
| 952 |
|
|
|0 0
|1 0
|2 ddc
|4 0
|6 005_276000000000000_FLY
|7 0
|9 261846
|a LISK-2
|b LISK-2
|c BSC
|d 2021-01-17
|e 24
|f 0
|g 0.00
|l 0
|o 005.276 FLY
|p 2430000006793
|r 2021-01-17 00:00:00
|t 1
|w 2021-01-17
|y BK15
|x 20090305 0 1
|x GrPaTEI - Antirrio
|
| 952 |
|
|
|0 0
|1 0
|2 ddc
|4 0
|6 005_276000000000000_FLY
|7 0
|9 261847
|a LISK-2
|b LISK-2
|c BSC
|d 2021-01-17
|e 24
|f 0
|g 0.00
|l 0
|o 005.276 FLY
|p 2430000006794
|r 2021-01-17 00:00:00
|t 1
|w 2021-01-17
|y BK15
|x 20090305 0 1
|x GrPaTEI - Antirrio
|
| 971 |
|
|
|a .b25704345
|b 01-10-20
|c 12-09-16
|
| 999 |
|
|
|c 151086
|d 151086
|